|
|
|
|
| LEADER |
00000n a2a2200000 4500 |
| 001 |
222084 |
| 005 |
20231031195933.0 |
| 035 |
|
|
|a (RuTPU)RU\TPU\book\242267
|
| 090 |
|
|
|a 222084
|
| 100 |
|
|
|a 20120918d2007 k y0rusy50 ca
|
| 101 |
0 |
|
|a rus
|
| 102 |
|
|
|a RU
|
| 200 |
1 |
|
|a Сопровождение удалённого программного продукта ЛИУС "Химик-аналитик" с использованием WEB-технологий. Понятие "претензия" как основа улучшения качества
|f С. В. Щелканов, О. В. Терещенко, А. Л. Юнак
|
| 320 |
|
|
|a Библиогр.: 5 назв.
|
| 461 |
|
0 |
|0 (RuTPU)RU\TPU\book\136926
|t Современные техника и технологии
|o 13-я Международная научно-практическая конференция студентов, аспирантов и молодых ученых, г. Томск, 26-30 марта 2007 г.
|o труды в 3 т.
|f Томский политехнический университет (ТПУ)
|d 2007
|
| 463 |
|
0 |
|0 (RuTPU)RU\TPU\book\168909
|t Т. 2
|v С. 479-481
|d 2007
|p 492 с.
|
| 610 |
1 |
|
|a программные продукты
|
| 610 |
1 |
|
|a удаленный доступ
|
| 610 |
1 |
|
|a Web-технологии
|
| 610 |
1 |
|
|a лабораторные технологии
|
| 610 |
1 |
|
|a информационно-управляющие системы
|
| 610 |
1 |
|
|a претензии
|
| 610 |
1 |
|
|a химические лаборатории
|
| 610 |
1 |
|
|a качество
|
| 610 |
1 |
|
|a труды учёных ТПУ
|
| 700 |
|
1 |
|a Щелканов
|b С. В.
|c специалист в области проектирования и разработки корпоративных информационных систем
|c инженер-программист Томского политехнического университета, аспирант
|f 1985-
|g Сергей Владимирович
|2 stltpush
|3 (RuTPU)RU\TPU\pers\27094
|
| 701 |
|
1 |
|a Терещенко
|b О. В.
|c НИИ ВН
|c зав. лабораторией информационных технологий №7, кандидат технических наук, старший научный сотрудник
|g Ольга Васильевна
|2 stltpush
|3 (RuTPU)RU\TPU\pers\25711
|4 070
|
| 701 |
|
1 |
|a Юнак
|b А. Л.
|c специалист в области информатики и вычислительной техники
|c ведущий программист Томского политехнического университета
|f 1946-
|g Александр Львович
|2 stltpush
|3 (RuTPU)RU\TPU\pers\26496
|4 070
|
| 801 |
|
1 |
|a RU
|b 63413507
|c 20120918
|
| 801 |
|
2 |
|a RU
|b 63413507
|c 20130904
|g RCR
|
| 942 |
|
|
|c BK
|